|
|
|
|
| LEADER |
01674nam a2200337 a 4500 |
| 001 |
45992041 |
| 003 |
BD-DhAAL |
| 008 |
090817r20052001eng b 001 0 eng d |
| 999 |
|
|
|c 3204
|d 3204
|
| 010 |
|
|
|a 00053286
|
| 020 |
|
|
|a 184046237X
|
| 020 |
|
|
|a 9781840462371
|
| 040 |
|
|
|a UKM
|c UKM
|d ORU
|d BD-DhAAL
|
| 082 |
0 |
4 |
|a 337
|2 21
|
| 100 |
1 |
|
|a Fox, Jeremy
|9 27735
|
| 245 |
0 |
0 |
|a Chomsky and globalisation /
|c Jeremy Fox ; series editor Richard Appignanesi
|
| 260 |
|
|
|a Duxford. :
|b Icon ;
|a New Delhi :
|b Worldview ;
|a New York, NY :
|b Totem Books,
|c c2001 [Reprinted 2005, 2006]
|
| 300 |
|
|
|a 80 pages :
|b illustrations ;
|c 18 cm.
|
| 440 |
|
|
|a Postmodern encounters
|9 27740
|
| 504 |
|
|
|a Includes bibliographical references (pages 66-75.)
|
| 541 |
1 |
|
|e 14427, 33653, 33654
|
| 600 |
|
0 |
|a Chomsky, Noam
|x Political and social views
|9 27736
|
| 600 |
|
0 |
|a Chomsky, Noam
|d 1928-
|x Criticism and interpretation
|9 27737
|
| 650 |
|
0 |
|a Globalization
|9 27738
|
| 700 |
1 |
|
|a Akmajian, Adrian.
|9 27739
|
| 700 |
1 |
|
|a Appignanesi, Richard
|9 27741
|
| 852 |
4 |
|
|a Ayesha Abed Library
|j General Stacks
|
| 942 |
|
|
|2 ddc
|c BK
|
| 952 |
|
|
|0 0
|1 0
|2 ddc
|4 0
|6 337_000000000000000_FOX
|7 0
|9 2900
|a BRACUL
|b BRACUL
|c GEN
|d 2009-08-30
|g 135.00
|l 3
|m 29
|o 337 FOX
|p 3010014427
|r 2025-10-13
|s 2025-06-25
|t 1
|w 2009-08-30
|y BK
|
| 952 |
|
|
|0 0
|1 0
|2 ddc
|4 0
|6 337_000000000000000_FOX
|7 0
|9 64201
|a BRACUL
|b BRACUL
|c GEN
|d 2018-08-05
|e Trim Education
|g 2215.00
|l 3
|m 38
|o 337 FOX
|p 3010033653
|r 2025-07-13
|s 2025-05-14
|t 2
|v 2215.00
|w 2018-08-05
|y BK
|
| 952 |
|
|
|0 0
|1 4
|2 ddc
|4 0
|6 337_000000000000000_FOX
|7 0
|9 64202
|a BRACUL
|b BRACUL
|c GEN
|d 2018-08-05
|e Trim Education
|g 2215.00
|l 0
|o 337 FOX
|p 3010033654
|r 2018-08-05
|t 3
|v 2215.00
|w 2018-08-05
|y BK
|x Koha Inventory 2020
|